[Event "47th GER-ch Blitz 2020"]
[Site "Magdeburg"]
[Date "2020.08.15"]
[Round "7.2"]
[White "Braun, Georg"]
[Black "Langrock, Hannes"]
[Result "0-1"]
[WhiteElo "2360"]
[BlackElo "2346"]
[Annotator "TA"]
[PlyCount "96"]
[EventDate "2020.07.28"]
[EventType "tourn"]
[EventCountry "GER"]
[SourceTitle "playchess.com"]
[Source "ChessBase"]
[SourceQuality "1"]

{[%evp 25,96,25,27,6,16,10,2,8,42,0,0,0,0,0,0,0,0,0,0,0,24,27,21,0,238,56,85,62,86,0,0,-142,-150,-507,-193,-188,-197,-320,-293,-301,-75,-487,-481,-1564,-1496,-29986,-1471,-29992,-1158,-3020,-2833,-29991,-742,-2419,-2590,-1355,-1289,-6279,-8200,-29978,-29979,-29979,-29980,-29976,-3548,-29979,-29974,-29985,5816,-29984,-29985,-29985,-29975]} 1. e4 c5 2. Nf3 e6 3. d4 cxd4 4. Nxd4 Nf6 5. Nc3 Nc6 6. Ndb5 Bb4 7. a3 Bxc3+ 8. Nxc3 d5 9. exd5 exd5 10. Bd3 O-O 11. O-O d4 12. Ne2 Bg4 13. f3 Bh5 $1 14. Nf4 {B45: Sicilian Four Knights.} Bg6 15. Nxg6 hxg6 16. f4 {The position is equal.} Re8 17. Qf3 Qb6 18. Bd2 Re3 19. Bxe3 dxe3 20. Kh1 Re8 $1 21. Rfe1 Nd4 22. Qg3 {[#]} Qxb2 $146 ({Predecessor:} 22... e2 23. Rab1 Nf5 24. Bxf5 Re3 25. Qf2 gxf5 26. Rxe2 Ng4 27. Qe1 Rxe2 28. Qxe2 Nf2+ {½-½ (34) Oechslein,R (2399)-Puzone,M (2407) ICCF email 2013}) 23. Rab1 Qa2 $1 24. Rxb7 {Black must now prevent Bxg6!} Qxa3 $2 (24... Nxc2 $11 {and Black is okay.} 25. Bxg6 Nxe1 26. Bxf7+ Qxf7 27. Rxf7 Kxf7 28. Qxe1 e2) 25. Rbb1 $2 (25. Bc4 $18 Ne6 26. Rxe3) 25... Nd5 26. Bc4 Nf5 27. Qg4 (27. Qf3 $1 $16 {[%cal Rf3d5]} Nf6 28. Qc6) 27... Qc5 $11 28. Bd3 {White is now going downhill.} (28. Bxd5 $11 {keeps the balance.} Qxd5 29. Qd1) 28... Nc3 $1 $17 {[%cal Rc3b1]} 29. Rb7 $2 {[#]} (29. Ra1 $17 {is a better chance.}) 29... a5 $2 (29... e2 $1 {[%mdl 512]} 30. Qf3 (30. Bxf5 $2 Qf2 $19) (30. Bxe2 Ne4) 30... Nd1) 30. Bxf5 $19 gxf5 31. Qh5 g6 $1 {[%cal Rg6h5]} 32. Qh4 {Now Qf6 and White clings on.} Qd5 $2 (32... Nd5 $19 {has better winning chances. Strongly threatening ...a4.} 33. Rd7 Kg7) 33. Rc7 $2 {[%mdl 8192]} (33. Re7 $17 Rxe7 34. Qxe7) 33... Qd2 {And now ...Nd1 would win.} 34. Rg1 (34. h3 $142 Ne4 35. Kh2) 34... Ne4 {( -> ...Nf2+)} 35. Ra1 e2 (35... Nf2+ $142 36. Kg1 Nd1 37. h3 Qf2+ {[%mdl 64] Double Attack} 38. Kh2 Qxh4 39. g3 e2 $1 {[%mdl 512]} 40. Rc8 Rxc8 41. gxh4 Rxc2 42. Rc1 Rxc1 43. Kg2 e1=Q 44. h5 Qf2+ {[%mdl 64] Double Attack} 45. Kh1 Ne3#) 36. Qe1 {[#]} Qe3 (36... Nf2+ $142 $1 {[%mdl 512]} 37. Kg1 (37. Qxf2 e1=Q+) 37... Nd1 $1 {[%mdl 512]} 38. h3 Qxe1+ 39. Kh2 Qf1 40. Re7 Rxe7 41. Rxd1 exd1=Q 42. c3 Qxf4+ 43. g3 Qf2#) 37. h3 Nf2+ 38. Kg1 {[#]} Qxf4 (38... Nd3+ $142 $1 {[%mdl 512]} 39. Kh1 Nxe1 40. Rxe1 Qf2 41. Rb7 Qxe1+ 42. Kh2 Qf1 43. Rb1 Qxb1 44. h4 e1=Q 45. Kh3 Re3+ 46. Kh2 Qxh4#) 39. Qxf2 Qxc7 {[%mdl 4096] Endgame KQR-KQR} 40. Re1 Qe7 41. c4 a4 {[%cal Ba5a4,Ba4a3,Ba3a2][%mdl 32]} 42. c5 a3 43. c6 a2 44. Qd4 Ra8 (44... Rd8 $142 45. Qa4 Qe3+ 46. Kh2 Rd3 47. Kh1 Ra3 48. Qb4 a1=Q 49. c7 {[#]} Qec1 $1 {[%mdl 512]} 50. c8=Q+ Qxc8 51. Rg1 Qf1 $1 {[%mdl 512]} 52. Qh4 e1=Q $1 {[%mdl 512]} 53. Rxf1 Qxf1+ 54. Kh2 Qc7+ 55. Qf4 Qcxf4+ 56. g3 Qxg3#) 45. Qa1 Qe3+ 46. Kh2 Qe5+ $4 {[%mdl 8192]} (46... f4 {and life is good for Black.} 47. c7 Qg3+ 48. Kh1 f3 49. gxf3 Qxh3+ 50. Kg1 Qxf3 51. Kh2 Kh7 52. Qd4 Ra5 53. Qh4+ Rh5 54. Qxh5+ Qxh5+ 55. Kg3 Qe5+ 56. Kf3 a1=Q 57. Rxa1 Qxa1 58. Kxe2 Qe5+ {[%mdl 64] Double Attack} 59. Kd2 Qxc7 60. Kd3 g5 61. Kd4 g4 62. Ke3 g3 63. Kf3 Qc3+ 64. Kf4 g2 65. Kg4 g1=Q+ 66. Kh4 Qgg3+ 67. Kh5 Qcf3#) 47. Kg1 $4 {[%mdl 8192]} (47. Qxe5 $18 Kh7 48. c7) 47... Qxa1 48. Rxa1 e1=Q+ {[%mdl 64] Promotion. Accuracy: White = 39%, Black = 52%.} 0-1

[Event "47th GER-ch Blitz 2020"]
[Site "Magdeburg"]
[Date "2020.08.15"]
[Round "7.3"]
[White "Ehmann, Thilo"]
[Black "Holtel, Jasper"]
[Result "1-0"]
[WhiteElo "2329"]
[BlackElo "2305"]
[Annotator "TA"]
[PlyCount "101"]
[EventDate "2020.07.28"]
[EventType "tourn"]
[EventCountry "GER"]
[SourceTitle "playchess.com"]
[Source "ChessBase"]
[SourceQuality "1"]

{[%evp 23,101,0,0,-19,0,-28,15,-20,-26,-27,-27,-88,-89,-89,-22,-9,-11,-21,-10,-8,-11,-227,0,-74,-47,-90,-88,-118,-44,-144,44,44,44,44,44,44,47,47,47,0,47,47,59,37,59,37,37,37,41,0,14,0,0,0,8,0,0,0,116,14,14,8,8,8,14,8,8,0,231,204,187,45,243,153,153,153,430,427,1277,1068]} 1. e4 Nf6 2. e5 Nd5 3. d4 d6 4. c4 Nb6 5. exd6 cxd6 6. Nf3 g6 7. Nc3 Bg7 8. Be2 O-O 9. O-O Nc6 10. Be3 Bg4 11. b3 d5 12. c5 Nc8 13. a3 {B04: Alekhine's Defence: 4 Nf3.} e6 14. b4 a6 15. h3 {The position is equal.} Bxf3 $1 16. Bxf3 N8e7 {[#]} 17. Rb1 $146 (17. Ne2 $11) ({Predecessor:} 17. b5 axb5 18. Nxb5 Nf5 19. g4 Nxe3 20. fxe3 Na5 21. a4 Nc4 22. Qc1 Bh6 23. Re1 Qh4 24. Bg2 Qg3 25. Nd6 Nxe3 {0-1 (25) Hofer,S (1571)-Wechselberg,C (1586) GER email 2013}) 17... Nf5 $17 {[%cal Rc6d4]} 18. Ne2 Qh4 (18... Qf6 $17 {[%cal Rc6d4]} 19. Bg4 Nfxd4 20. Nxd4 Nxd4) 19. Bg4 $11 Nxe3 20. fxe3 h5 $36 {[%mdl 2048] Black is pushing.} 21. Bf3 $1 Rad8 22. Nf4 $2 {[#]} (22. Rb3 $11) 22... Ne7 $2 (22... Bxd4 $1 $19 {[%mdl 512]} 23. exd4 Qxf4) 23. Qd3 (23. Qe1 $11 {remains equal.} Qxe1 24. Rfxe1) 23... Nf5 $17 24. Qd2 Bh6 25. Bd1 Ng3 (25... e5 $1 $17 {[%cal Re5f4]} 26. dxe5 d4) 26. Qf2 (26. Qe1 $1 $15) 26... Nf5 $2 (26... Bg5 $17 27. Nd3 Nxf1 28. Qxh4 Bxh4 29. Kxf1 Bg3) 27. Qxh4 $14 Nxh4 28. Bc2 Rfe8 29. g3 Nf5 30. Bxf5 exf5 31. Kf2 Bxf4 (31... h4 $5) 32. gxf4 $11 {[%mdl 4096] Endgame KRR-KRR} Kg7 33. a4 Ra8 34. Rb3 h4 35. Rc1 Re7 36. Rc2 f6 37. b5 axb5 38. axb5 g5 39. c6 bxc6 $1 40. bxc6 Rc8 {[#]} (40... g4 $11 {keeps the balance.}) 41. Rb5 (41. fxg5 $1 $16 {Threatens to win with Rb5.} fxg5 42. Rb5) 41... Re6 42. c7 Re7 43. Rxd5 {Hoping for fxg5.} Rexc7 44. Rxc7+ Rxc7 45. Rxf5 {KR-KR} Kg6 $2 (45... Rc2+ $11 {and Black has nothing to worry.} 46. Kf3 Kg6) 46. Rc5 $18 Ra7 {[#]} 47. fxg5 (47. Kf3 $1 $18) 47... fxg5 $2 (47... f5 $1 $14) 48. Kf3 {Black must now prevent Kg4.} Ra1 49. d5 Rf1+ $2 (49... Rh1 $16) 50. Ke4 Rh1 (50... g4 $142 51. hxg4 h3) 51. d6 {Accuracy: White = 55%, Black = 55%.} 1-0

[Event "47th GER-ch Blitz 2020"]
[Site "Magdeburg"]
[Date "2020.08.15"]
[Round "7.4"]
[White "Baskin, Robert"]
[Black "Voege, Tobias"]
[Result "1-0"]
[WhiteElo "2390"]
[BlackElo "2326"]
[Annotator "TA"]
[PlyCount "83"]
[EventDate "2020.07.28"]
[EventType "tourn"]
[EventCountry "GER"]
[SourceTitle "playchess.com"]
[Source "ChessBase"]
[SourceQuality "1"]

{[%evp 18,83,52,50,42,11,9,-39,-45,-42,-29,-31,0,-16,27,17,39,28,89,55,224,137,199,108,97,120,113,114,115,106,137,128,645,643,641,635,619,615,590,559,781,757,894,862,1330,29946,12845,12838,12848,29938,6454,8585,6340,6816,29957,29951,5375,3467,29981,29972,29976,2168,2117,2046,29974,29970,6211,6175]} 1. e4 c5 2. Nf3 Nc6 3. d4 cxd4 4. Nxd4 g6 5. Nc3 Bg7 6. Be3 Nf6 7. Bc4 O-O 8. Bb3 d6 9. f3 Nxd4 10. Bxd4 Be6 {B76: Sicilian Dragon: Yugoslav Attack, 9 g4 and 9 0-0-0.} 11. h4 Qa5 12. h5 Nxh5 {[#] Black is slightly better.} 13. Bxg7 $146 ({Predecessor:} 13. g4 Nf6 14. Qd2 Bxb3 15. cxb3 Rfc8 16. Qh2 e5 17. Be3 d5 18. exd5 e4 19. Bd4 exf3 {1-0 (41) Kurayan,R (2379)-Zazuliak,A (2325) Omelnyk 2017}) 13... Nxg7 14. Qd2 h5 15. O-O-O Rfc8 {Black wants to play ...Bxb3.} 16. Kb1 Bxb3 17. cxb3 Rc5 (17... f6 $11 {remains equal.}) 18. a3 {[#] Hoping for b4.} Qd8 $2 (18... Rc6 $1 $14) 19. g4 {b4 is the strong threat.} a5 (19... Rac8 $16 {was worth a try.}) 20. gxh5 (20. b4 $18 axb4 21. axb4) 20... Rxh5 $16 21. f4 e6 22. Rxh5 Nxh5 23. f5 $1 exf5 24. exf5 Qb6 $2 {[%mdl 8192]} (24... Qd7 $16) 25. fxg6 $18 fxg6 26. Qh6 d5 27. Nxd5 Qe6 28. Rg1 Qf5+ 29. Ka2 {[#] Threatening mate with Ne7+.} Kf7 30. Ne3 Qe6 31. Qh7+ Ng7 32. Rf1+ Qf6 33. Rxf6+ Kxf6 34. Qh4+ Kf7 35. Qc4+ Kf6 36. Qd4+ Kf7 37. Qd7+ Kf6 38. Qxb7 Re8 39. Qb6+ (39. Nd5+ $142 Kg5 40. Qxg7 Re6 41. Qf7 Rc6 42. b4 axb4 43. axb4 Ra6+ 44. Kb3) 39... Kf7 40. Nc4 a4 41. bxa4 Re2 42. a5 {Accuracy: White = 60%, Black = 36%.} 1-0

[Event "47th GER-ch Blitz 2020"]
[Site "Magdeburg"]
[Date "2020.08.15"]
[Round "7.5"]
[White "Barzen, Pascal"]
[Black "Weller, Manuel"]
[Result "1-0"]
[WhiteElo "2321"]
[BlackElo "2237"]
[Annotator "TA"]
[PlyCount "53"]
[EventDate "2020.07.28"]
[EventType "tourn"]
[EventCountry "GER"]
[SourceTitle "playchess.com"]
[Source "ChessBase"]
[SourceQuality "1"]

{[%evp 26,53,0,-14,33,22,75,35,99,41,53,32,95,93,75,58,55,54,47,45,69,52,62,72,71,42,70,28,37,18]} 1. e4 c6 2. d4 d5 3. Nd2 dxe4 4. Nxe4 Bf5 5. Ng3 Bg6 6. h4 h6 7. Nf3 e6 8. h5 Bh7 9. Bd3 Bxd3 10. Qxd3 Nf6 11. Bd2 Be7 12. O-O-O O-O 13. Qe2 Nbd7 14. Kb1 {14.Nf1 gains popularity. was the old line (14.Nf1).} b5 {B19: Classical Caro-Kann: 4...Bf5 main line.} 15. Ne5 {[#]} Qb6 $146 (15... Nxe5 $11 {remains equal.} 16. dxe5 Nd5) ({Predecessor:} 15... Qc7 16. Ng6 Rfe8 17. Nxe7+ Rxe7 18. Ne4 Nd5 19. f3 f5 20. Nf2 e5 21. Qd3 exd4 22. Qxd4 {1-0 (57) Dogan,N (2213)-Yurtseven,C (2291) Kocaeli 2015}) 16. f4 (16. Ng6 $5 {[%cal Rg6e7]} Rfe8 17. Nxe7+ Rxe7 18. Nf5 $14) 16... c5 {[#]} (16... Qc7 $14) 17. Nxd7 (17. Ne4 $1 $16) 17... Nxd7 $14 18. d5 Bf6 (18... Rfe8 $14) 19. dxe6 $16 Qxe6 20. Qxe6 fxe6 21. Be3 Rad8 22. Ne4 Be7 23. g4 a6 24. g5 hxg5 25. fxg5 c4 26. h6 Ne5 27. Bd4 {[%mdl 32768] Accuracy: White = 67%, Black = 57%. . Loss on time!?} 1-0

[Event "47th GER-ch Blitz 2020"]
[Site "Magdeburg"]
[Date "2020.08.15"]
[Round "7.6"]
[White "Wichmann, Cliff"]
[Black "Bluebaum, Matthias"]
[Result "0-1"]
[WhiteElo "2305"]
[BlackElo "2647"]
[Annotator "TA"]
[PlyCount "46"]
[EventDate "2020.07.28"]
[EventType "tourn"]
[EventCountry "GER"]
[SourceTitle "playchess.com"]
[Source "ChessBase"]
[SourceQuality "1"]

{[%evp 10,46,20,0,11,10,50,49,32,49,41,2,0,0,10,0,9,-13,-14,-25,14,0,0,0,0,0,0,0,0,0,0,-104,-102,-172,-145,-253,-235,-588,-588]} 1. d4 d5 2. c4 c6 3. Nf3 Nf6 4. Nc3 dxc4 5. a4 Bf5 6. Ne5 Qc7 {D17: Slav Defence: 5 a4 Bf5: Lines with 6 Nh4 and 6 Ne5.} 7. Nxc4 Na6 8. f3 Rd8 {White is slightly better.} 9. e4 Be6 10. Be3 Bxc4 11. Bxc4 {With the idea e5.} e5 {[#] Hoping for ...exd4.} 12. d5 Bc5 {[#]} 13. Bg5 $146 ({Predecessor:} 13. Bxc5) 13... Nb4 14. Qe2 a5 15. Rd1 Bd4 16. dxc6 bxc6 17. g3 h6 (17... Rd6 {with more complications.} 18. Kf1 O-O 19. Kg2 h6 20. Bc1 Rd7) 18. Bxf6 gxf6 19. Kf1 h5 20. Rd2 (20. h4 $11) 20... h4 $17 21. g4 (21. gxh4 $17 Qe7 22. h5) 21... h3 $19 22. Qd1 (22. Nd1 $17) 22... Ke7 {[#] Threatens to win with ...Be3.} 23. Ne2 $2 (23. Qb3 {is more resistant.} Ba7 24. Ke2) 23... Be3 {Accuracy: White = 53%, Black = 86%.} 0-1

[Event "47th GER-ch Blitz 2020"]
[Site "Magdeburg"]
[Date "2020.08.15"]
[Round "7.7"]
[White "Zelbel, Patrick"]
[Black "Braeuning, Rudolf Wilhelm"]
[Result "1-0"]
[WhiteElo "2448"]
[BlackElo "2244"]
[Annotator "TA"]
[PlyCount "63"]
[EventDate "2020.07.28"]
[EventType "tourn"]
[EventCountry "GER"]
[SourceTitle "playchess.com"]
[Source "ChessBase"]
[SourceQuality "1"]

{[%evp 9,62,10,27,18,11,20,41,36,45,47,72,0,416,394,475,478,470,474,472,465,475,439,507,480,813,649,633,572,543,502,628,578,684,487,577,601,583,591,583,587,1215,1189,1212,1194,1429,1379,1361,1360,2113,2100,29997,29992,29998,29999,29999]} 1. e4 c5 2. c3 d5 3. exd5 Qxd5 4. Nf3 Nf6 5. Na3 Bg4 6. Be2 {B22: Sicilian: 2 c3.} Nc6 7. d3 e6 8. Nc4 {White is slightly better.} Qd7 9. Qb3 {[#] Threatens to win with Nfe5.} O-O-O $146 ({Predecessor:} 9... Bxf3 10. Bxf3 Nd5 11. Bg5 Rc8 12. O-O Be7 13. Bxe7 Kxe7 14. Qa3 Rhd8 15. Qxc5+ Kf6 {1-0 (49) Emms,J (2488)-Benjamin,J (2544) Dresden 2018}) 10. Nfe5 ({White should try} 10. Bf4 $16) 10... Qc7 $2 {[%mdl 8192] White now steadily converts the win.} (10... Qd5 $1 $11 11. Nxc6 (11. Nxg4 Qxg2 {[%mdl 64] Double Attack} 12. Rf1 Nxg4 $17) 11... Qxc6) 11. Nxg4 $18 Nxg4 12. Bxg4 Rxd3 13. Be3 Be7 14. Be2 Rd7 15. O-O h5 16. Rad1 h4 (16... Rxd1 $142 17. Rxd1 h4) 17. Rxd7 Qxd7 18. Bf3 Qc7 19. Rd1 g5 20. Qa4 Kb8 21. Qb5 f5 22. Bxc6 Qxc6 23. Qxc6 bxc6 24. Ne5 Kc7 25. Rd7+ {[%mdl 64] [#] Double Attack} Kb6 26. Rxe7 f4 27. Nd7+ Kb5 28. Bxc5 {White wants to mate with b3.} Rd8 29. b3 {a4+ would kill now.} a5 30. a4+ {White mates.} Ka6 {[#]} 31. Nb8+ $1 Rxb8 32. Ra7# {Accuracy: White = 89%, Black = 29%.} 1-0

[Event "47th GER-ch Blitz 2020"]
[Site "Magdeburg"]
[Date "2020.08.15"]
[Round "7.8"]
[White "Dobrikov, Marco"]
[Black "Muranyi, Karl-Jasmin"]
[Result "0-1"]
[WhiteElo "2290"]
[BlackElo "2331"]
[Annotator "TA"]
[PlyCount "90"]
[EventDate "2020.07.28"]
[EventType "tourn"]
[EventCountry "GER"]
[SourceTitle "playchess.com"]
[Source "ChessBase"]
[SourceQuality "1"]

{[%evp 12,90,26,31,40,21,65,56,108,126,146,59,128,2,2,11,29,-18,-23,-29,-30,-38,22,10,28,-81,-30,-38,-43,-73,130,118,83,82,54,67,262,28,52,-114,0,-254,-230,-236,-216,-268,-260,-269,-265,-256,-245,-419,-396,-360,-394,-379,-334,-346,-112,-135,-73,-328,-280,-605,-264,-260,-271,-243,-173,-226,-172,-112,-41,-59,0,0,0,0,0,0,0]} 1. e4 c6 2. Nc3 d5 3. Nf3 Bg4 4. h3 Bxf3 5. Qxf3 e6 6. d3 Nf6 7. Bd2 Nbd7 {B11: Caro-Kann: Two Knights Variation.} 8. O-O-O {[#]} a5 $146 ({Predecessor:} 8... Qb6 9. g4 h6 10. Qg3 Bb4 11. e5 Bxc3 12. Bxc3 d4 13. Bxd4 Qxd4 14. exf6 Nxf6 15. Bg2 {1-0 (75) So,W (2765)-Navara,D (2738) Saint Louis 2019}) 9. g4 $1 a4 (9... Bb4 $14) 10. g5 $16 Ng8 11. h4 (11. exd5 $16 cxd5 12. Nb5) 11... Bb4 (11... a3 $14 12. b3 Bb4) 12. Rg1 (12. exd5 $16 cxd5 13. a3) 12... a3 $36 {[%mdl 2048] White is under pressure.} 13. b3 Qa5 14. Nb1 Bxd2+ 15. Rxd2 Ne7 16. h5 O-O (16... d4 $15) 17. Bh3 Rad8 18. g6 (18. Qg3 $11) 18... fxg6 ({Better is} 18... hxg6 $17 19. exd5 cxd5) 19. Bxe6+ Kh8 20. Qh3 Nc5 $2 (20... Ne5 $17 {and life is bright. aiming for ...Nf3.} 21. hxg6 N5xg6 22. exd5 (22. Rh1 h6 $17) 22... cxd5) 21. hxg6 $16 {[%csl Gg6][%cal Rh3h7]} h6 22. Bf7 $1 dxe4 23. Rg4 exd3 $2 (23... Nf5 $14) 24. Rh4 $2 (24. b4 $18 Nb3+ 25. cxb3 (25. Bxb3 Qf5 $16)) 24... Ng8 $11 25. c3 $2 {[#]} (25. b4 $14 {stays ahead.} Qb6 26. Qe3 {[%mdl 64] Pin} dxc2 27. Kxc2 Rxd2+ 28. Kxd2 (28. Nxd2 Nd7 $11)) 25... Qc7 (25... Rfe8 $1 $17 {[%cal Re8e1][%mdl 512] ...Re1+ is the strong threat.} 26. Qh1 (26. Bxe8 Nxb3+) 26... Re2) 26. f4 $2 {[%mdl 8192]} (26. Qe3 $11 {and White is okay.} b6 27. b4) 26... Rxf7 $19 27. gxf7 Qxf7 28. f5 Re8 {( -> ...Re1+)} 29. Qf1 Nf6 30. Nxa3 Nfe4 31. Nb1 $2 (31. Rxe4 Rxe4 32. f6) 31... Nxd2 32. Nxd2 {[#]} Qf6 $1 33. Rc4 b6 {[%cal Bb7b6,Bb6b5][%mdl 32]} 34. b4 Na4 $2 (34... Nd7 $19 {is more deadly. Hoping for ...c5.} 35. Rd4 Ne5) 35. Qxd3 $17 {[#]} Rd8 ({Black should play} 35... b5 $1 {[%cal Rb5c4]} 36. Rd4 Qg5) 36. Qc2 $2 {[%mdl 8192]} (36. Rd4 $17 {was necessary.} Rf8 37. Kc2) 36... b5 37. Rf4 $2 (37. Rd4 Rxd4 38. cxd4 Qxd4 39. Qb3) 37... Qxc3 (37... Nxc3 $142 38. Rf1 Ra8) 38. Qxc3 $19 Nxc3 {[%mdl 4096] Endgame KRN-KRN} 39. Kc2 Nxa2 40. Nf3 (40. Nb3 $142) 40... Rf8 {Strongly threatening ...g5.} 41. Ne5 {Threatens to win with Ng6+.} Kh7 (41... g5 $17 42. Rf1 Nxb4+ 43. Kb3 Nd5 44. Ng6+ Kg8 45. Nxf8 Kxf8) 42. Kb2 $15 Nxb4 (42... Re8 $1 $15 43. Nxc6 {[#]} Nc3 $1 {[%mdl 512]} 44. Kxc3 Rc8) 43. Rxb4 $11 {The position is equal.} Rxf5 44. Nxc6 h5 45. Nd4 Rd5 {[%mdl 32768] Accuracy: White = 40%, Black = 47%. . Loss on time!?} 0-1

[Event "47th GER-ch Blitz 2020"]
[Site "Magdeburg"]
[Date "2020.08.15"]
[Round "7.9"]
[White "Frischmann, Rick"]
[Black "Krause, Benedict"]
[Result "1-0"]
[WhiteElo "2347"]
[BlackElo "2425"]
[Annotator "TA"]
[PlyCount "61"]
[EventDate "2020.07.28"]
[EventType "tourn"]
[EventCountry "GER"]
[SourceTitle "playchess.com"]
[Source "ChessBase"]
[SourceQuality "1"]

{[%evp 11,61,23,40,21,14,14,42,19,50,0,0,0,101,109,104,110,480,362,337,29,18,35,73,0,6,8,1,-33,-30,-21,135,130,130,134,202,218,210,194,286,239,843,848,848,845,1482,1452,29994,29982,29982,29983,29987,29988]} 1. e4 c5 2. Nf3 e6 3. d4 cxd4 4. Nxd4 Nc6 5. Nc3 Qc7 6. Be3 a6 7. Qf3 $1 {[%mdl 4] is more profitable than 7.Qd2 at the moment. B48: Sicilian: Taimanov: 5 Nc3 Qc7 6 Be3 a6 without Be2.} Nf6 8. O-O-O Ne5 9. Qg3 {White is slightly better.} b5 $1 {[%cal Rb5b4] With the idea ...b4.} 10. a3 (10. f4 $5 {[%cal Rf4e5]} Neg4 11. Bd3 $11) 10... Bb7 11. Bxb5 axb5 (11... Rc8 $1 $11) 12. Ndxb5 $16 Qb8 {[#]} 13. Bb6 $1 {[#]} d6 $146 {[%mdl 8192]} (13... Bc6 $16 {is tougher.}) ({Predecessor:} 13... Nc4 14. Bc7 Qc8 15. Rd4 Nxa3 16. Nd6+ Bxd6 17. Bxd6 Nc4 18. Rxc4 Qxc4 19. Qxg7 O-O-O 20. Qxf6 Rhg8 21. Qe5 Rxg2 22. Qa5 Rdg8 23. b3 R8g5 24. Qa7 {1-0 (24) Firouzja,A (2561)-Nguyen,D (2441) Hamedan 2018}) 14. Nc7+ Ke7 {[#]} 15. Nxa8 $2 (15. Qxe5 $1 $18 {[%csl Gd1][%cal Re5d6][%mdl 512]} Qxc7 (15... dxe5 16. Bc5#) 16. Rxd6 {[%mdl 64] Remove Defender} (16. Qxf6+ gxf6 17. Bxc7 Ra6 $16) 16... Qxd6 17. Bc5 {[%mdl 64] Pin}) 15... Bxa8 $11 16. Bd4 Nc6 17. Be3 ({White should try} 17. f4 $16) 17... g6 18. Bf4 Ne5 19. Bg5 {Hoping for f4.} Bg7 {[%mdl 1024] Black has compensation.} 20. f4 Nc4 $2 (20... Ned7 $1 $11) 21. b3 $36 {[%mdl 2048] Black is under strong pressure.} h6 22. Bh4 g5 (22... Na5 $16) 23. fxg5 $18 hxg5 24. Bxg5 Ne5 25. Rhf1 Qa7 $2 (25... Rc8 26. h4 Qc7 {[%mdl 64] Remove Defender}) 26. Nb5 Qc5 27. Nxd6 Qxa3+ 28. Kb1 {White wants to mate with Nf5+!} Rd8 29. Qxe5 {White mates.} Rxd6 30. Bxf6+ Bxf6 31. Qxf6+ {[%mdl 64] Double Attack. Accuracy: White = 71%, Black = 38%.} 1-0

[Event "47th GER-ch Blitz 2020"]
[Site "Magdeburg"]
[Date "2020.08.15"]
[Round "7.10"]
[White "Meier, Georg"]
[Black "Stein, Robert"]
[Result "1-0"]
[WhiteElo "2621"]
[BlackElo "2325"]
[Annotator "TA"]
[PlyCount "55"]
[EventDate "2020.07.28"]
[EventType "tourn"]
[EventCountry "GER"]
[SourceTitle "playchess.com"]
[Source "ChessBase"]
[SourceQuality "1"]

{[%evp 14,55,36,36,45,36,43,42,42,39,41,37,45,43,55,52,51,48,48,41,47,45,41,27,80,82,109,118,159,128,199,197,195,193,184,135,120,147,472,504,482,495,479,477]} 1. Nf3 Nf6 2. g3 d5 3. Bg2 c6 4. O-O g6 5. b3 Bg7 6. Bb2 O-O 7. c4 Bg4 {7...a5 is the recent fashion. Played by Maxime Vachier Lagrave in July 2020.} 8. d4 Bxf3 {D78: Fianchetto Grünfeld: 6 0-0 c6.} 9. Bxf3 a5 10. Nc3 e6 {White is slightly better.} 11. e3 Nbd7 {[#]} 12. Qc2 $146 ({Predecessor:} 12. Qe2 Qb6 13. Rab1 Rfd8 14. Rfd1 Qa7 15. h4 h5 16. Kg2 Re8 17. Qd2 Nb6 18. Be2 {½-½ (62) Rahman,Z (2415)-Kamsky,G (2674) chess.com INT 2020}) 12... Qe7 13. Rfd1 Rac8 14. Rac1 Rfe8 15. Kg2 h5 16. h3 h4 17. g4 dxc4 18. bxc4 {[%cal Bb3c4,Bc4d5,Bd5d6][%mdl 32]} e5 (18... b5 $11) 19. Qb3 $16 e4 {[#] Strongly threatening ...a4.} 20. Be2 Nf8 21. d5 cxd5 (21... Rb8 $16 {was called for.} 22. Ba3 Qe5) 22. cxd5 Red8 23. d6 Qe6 24. Nb5 {Black must now prevent Bc4.} Qxb3 25. axb3 Ne8 $2 {[%mdl 8192]} (25... N6d7 $16 {is tougher.}) 26. Rxc8 $18 {[%mdl 64] [#] Overworked Piece. White is clearly winning.} Rxc8 27. d7 Nxd7 28. Bxg7 {Accuracy: White = 88%, Black = 59%.} ({Not} 28. Rxd7 Bxb2 29. Bc4 (29. Rxb7 Be5 $16) 29... Kh7 $18) 1-0